00293nam a2200121Ia 4500008004100000100003600041245002700077260002400104300000900128650001200137942000700149999001500156190216s9999||||xx |||||||||||||| ||und|| aYu-Cheng Liu And Glenn A Gibson 0aMicro Computer Systems bPrentice Hallc2000 a623p aPhysics cBK c8693d8693